|
|
|
|
| LEADER |
00000cam a22000004a 4500 |
| 001 |
musev2_20847 |
| 003 |
MdBmJHUP |
| 005 |
20230905042227.0 |
| 006 |
m o d |
| 007 |
cr||||||||nn|n |
| 008 |
021016r19991955dcu o 00 0 eng d |
| 020 |
|
|
|a 9780813211275
|
| 020 |
|
|
|z 9780813200279
|
| 020 |
|
|
|z 9780813209678
|
| 035 |
|
|
|a (OCoLC)647916527
|
| 040 |
|
|
|a MdBmJHUP
|c MdBmJHUP
|
| 041 |
1 |
|
|a eng
|h und
|
| 100 |
0 |
|
|a Augustine,
|c of Hippo, Saint,
|d 354-430.
|
| 245 |
1 |
0 |
|a Treatises on Marriage and Other Subjects /
|c Saint Augustine ; translated by Charles T. Wilcox [and others] ; edited by Roy J. Deferrari.
|
| 264 |
|
1 |
|a Washington :
|b Catholic University of America Press,
|c 1999.
|
| 264 |
|
3 |
|a Baltimore, Md. :
|b Project MUSE,
|c 2013
|
| 264 |
|
4 |
|c ©1999.
|
| 300 |
|
|
|a 1 online resource (464 pages).
|
| 336 |
|
|
|a text
|b txt
|2 rdacontent
|
| 337 |
|
|
|a computer
|b c
|2 rdamedia
|
| 338 |
|
|
|a online resource
|b cr
|2 rdacarrier
|
| 490 |
0 |
|
|a The Fathers of the Church, a new translation ;
|v v. 27
|
| 505 |
0 |
|
|a The good of marriage -- Adulterous marriage -- Holy virginity -- Faith and works -- The Creed -- Faith and the creed -- The care to be taken for the dead -- In answer to the Jews -- The divination of demons.
|
| 588 |
|
|
|a Description based on print version record.
|
| 650 |
|
7 |
|a Theology.
|2 fast
|0 (OCoLC)fst01149559
|
| 650 |
|
7 |
|a RELIGION
|x Christian Theology
|x Systematic.
|2 bisacsh
|
| 650 |
|
7 |
|a RELIGION
|x Christianity
|x Orthodox.
|2 bisacsh
|
| 650 |
|
6 |
|a Theologie
|v Ouvrages avant 1800.
|
| 650 |
|
0 |
|a Theology
|v Early works to 1800.
|
| 655 |
|
7 |
|a Early works.
|2 fast
|0 (OCoLC)fst01411636
|
| 655 |
|
7 |
|a Electronic books.
|2 local
|
| 700 |
1 |
|
|a Wilcox, Charles T.
|
| 700 |
1 |
|
|a Deferrari, Roy J.
|q (Roy Joseph),
|d 1890-1969.
|
| 710 |
2 |
|
|a Project Muse.
|e distributor
|
| 830 |
|
0 |
|a Book collections on Project MUSE.
|
| 856 |
4 |
0 |
|z Texto completo
|u https://projectmuse.uam.elogim.com/book/20847/
|
| 945 |
|
|
|a Project MUSE - Custom Collection
|
| 945 |
|
|
|a Project MUSE - Archive Complete Supplement
|
| 945 |
|
|
|a Project MUSE - Archive Philosophy and Religion Supplement
|